书目信息 |
| 题名: |
水力发电厂电气设备检修技术
|
|
| 作者: | 余爱彤 主编 | |
| 分册: | ||
| 出版信息: | 北京 中国三峡出版社 2022.01 |
|
| 页数: | 187页 | |
| 开本: | 26cm | |
| 丛书名: | 水力发电厂检修技术丛书 | |
| 单 册: | ||
| 中图分类: | TV735 | |
| 科图分类: | ||
| 主题词: | 水力发电站--shui li fa dian zhan--电气设备--检修 | |
| 电子资源: | ||
| ISBN: | 978-7-5206-0215-0 | |
| 000 | 01169nam 2200265 450 | |
| 001 | 29226 | |
| 005 | 20221011182026.29 | |
| 010 | @a978-7-5206-0215-0@dCNY75.00 | |
| 100 | @a20220602d2022 em y0chiy50 ea | |
| 101 | 0 | @achi |
| 102 | @aCN@b110000 | |
| 105 | @aak a 000yy | |
| 200 | 1 | @a水力发电厂电气设备检修技术@Ashui li fa dian chang dian qi she bei jian xiu ji shu@f余爱彤主编 |
| 210 | @a北京@c中国三峡出版社@d2022.01 | |
| 215 | @a187页@c图@d26cm | |
| 225 | 2 | @a水力发电厂检修技术丛书@Ashui li fa dian chang jian xiu ji shu cong shu |
| 300 | @a中国长江三峡集团有限公司科技图书出版基金资助 | |
| 320 | @a有书目 (第187页) | |
| 330 | @a本书共分7章: 第1章为概述 ; 第2章为配电设备与检修 ; 第3章为水轮发电机结构与检修 ; 第4章为仪器仪表与校验 ; 第5章为油务处理及化验 ; 第6章为六氟化硫气体检测 ; 第7章为电气预防性试验。本书除了介绍基本知识、一般概念和基本原理外, 还主要针对流域水力发电厂的设备和技术做了较为详尽的论述。 | |
| 410 | 0 | @12001 @a水力发电厂检修技术丛书 |
| 606 | 0 | @a水力发电站@Ashui li fa dian zhan@x电气设备@x检修 |
| 690 | @aTV735@v5 | |
| 701 | 0 | @a余爱彤@Ayu ai tong@4主编 |
| 801 | 0 | @aCN@c20220910 |
| 905 | @a河南城建学院图书馆@dTV735@eY745@f1 | |
| 水力发电厂电气设备检修技术/余爱彤主编.-北京:中国三峡出版社,2022.01 |
| 187页:图;26cm.-(水力发电厂检修技术丛书) |
| 中国长江三峡集团有限公司科技图书出版基金资助 |
| ISBN 978-7-5206-0215-0:CNY75.00 |
| 本书共分7章: 第1章为概述 ; 第2章为配电设备与检修 ; 第3章为水轮发电机结构与检修 ; 第4章为仪器仪表与校验 ; 第5章为油务处理及化验 ; 第6章为六氟化硫气体检测 ; 第7章为电气预防性试验。本书除了介绍基本知识、一般概念和基本原理外, 还主要针对流域水力发电厂的设备和技术做了较为详尽的论述。 |
| ● |
| 相关链接 |
|
|
|
正题名:水力发电厂电气设备检修技术
索取号:TV735/Y745
 
预约/预借
| 序号 | 登录号 | 条形码 | 馆藏地/架位号 | 状态 | 备注 |
| 1 | 1582666 | 215826667 | 自科库501/501自科库 48排5列5层/ [索取号:TV735/Y745] | 在馆 |